Применение электроэнергии при сушке древесины в вакууме; Электроэнергия: от получения и распределения до эффективного использования

Detalles Bibliográficos
Parent link:Электроэнергия: от получения и распределения до эффективного использования.— 2008.— С. 188-189
Autor Principal: Секисов Ф. Г.
Outros autores: Смердов О. В., Ли Хунда
Idioma:ruso
Publicado: 2008
Subjects:
Formato: MixedMaterials Capítulo de libro
KOHA link:https://koha.lib.tpu.ru/cgi-bin/koha/opac-detail.pl?biblionumber=147638

MARC

LEADER 00000naa2a2200000 4500
001 147638
005 20231031145124.0
035 |a (RuTPU)RU\TPU\book\160025 
090 |a 147638 
100 |a 20081118d2008 k y0rusy50 ca 
101 0 |a rus 
102 |a RU 
200 1 |a Применение электроэнергии при сушке древесины в вакууме  |f Ф. Г. Секисов, О. В. Смердов, Ли Хунда 
320 |a Библиогр.: 5 назв. 
463 0 |0 (RuTPU)RU\TPU\book\153908  |y 5-98298-208-3  |t Электроэнергия: от получения и распределения до эффективного использования  |o материалы Всероссийской научно-технической конференции, 12-14 мая 2008 г., Томск  |f Томский политехнический университет  |v С. 188-189  |d 2008  |p 276 с. 
610 1 |a древесина 
610 1 |a сушка 
610 1 |a вакуум 
610 1 |a электроэнергия 
610 1 |a деревообработка 
610 1 |a технология 
610 1 |a труды учёных ТПУ 
700 1 |a Секисов  |b Ф. Г. 
701 1 |a Смердов  |b О. В. 
701 1 |a Ли Хунда 
801 1 |a RU  |b 63413507  |c 20081118  |g PSBO 
942 |c BK